000 00249nam a2200109Ia 4500
008 190216s9999||||xx |||||||||||||| ||und||
100 _aVivekanandan G
245 0 _aEala Kozhinja Maram
260 _bNbs Kottayam
650 _aMalayalam
942 _cBK
999 _c26115
_d26115